000 01443nam a2200217Ia 4500
003 Ost
005 20260507075031.0
008 260507s9999||||xx |||||||||||||| ||und||
040 _cfsecg
041 _aara
082 _a330
100 _aأحمد، عبد الرحمن يسري
_eمؤلف
245 0 _aتطور الفكر الإقتصادي /
_c عبد الرحمن يسري أحمد
260 _aالإسكندرية:
_bالدار الجامعية,
_c2003
300 _a480 صفحة؛
_bإيضاحات ؛
_c24 سم
520 _aالفكر الإقتصادي في عصر الإغريق، الفكر الإقتصادي الغربي في العصور الوسطى، قواعد الفكر الإقتصادي الإسلامي، عصر الرأسمالية التجارية، التمهيد العلمي الإقتصادي السياسي، تأسيس المدرسة الكلاسيكية، الإتجاهات الإشتراكية والتاريخية في علم الإقتصاد خلال القرن 19 كال ماركس والفكر الإشتراكي العلمي، المدرسة النيوكلاسيكية، المدرسة الامريكية بين المنهجين التقليدية والمؤسسية أواخر القرن التاسع عشر وأوائل القرن العشرين
653 _aالإقتصاد
653 _aالتطور الإقتصادي
653 _aالمذاهب الإقتصادية
942 _cكتاب
999 _c42395
_d42395